00716 2200181 4500001002100000005001700021008004100038035002400079082001100103090002000114100001400134245020600148260007700354300003500431504002900466650002100495990001800516YOGYA-0513000000028620130508085309.0 ind  0010-051300000000285 a371.27 aSK 371.27 Sud H aSUDARIYAH aHubungan antara perhatian orang tua terhadap kebutuhan remaja dan sikap terhadap layanan bimbingan disekolah dengan kenakalan remaja pada siswa kelas II SMU N 1 Sanden tahun ajaran 2003/2004cSudariyah aYogyakartabFakultas ilmu Pendidikan Universitas Negeri Yogyakarta, 2003 aXIII, 136bilus. ; lampc30 cm aBibliografi : lbr. 90-91 aBelajar-evaluasi a44912-PD/A.12